000
00205 a2200097 4500
001
2984
100
_a
245
_a
H/B of library training practicel vol2
260
_a
_b
Gower p
_c
090
_c
2272
_d
2272
942
_a
NUST-CAE
_c
M
_c
14136
999
_c
238057
_d
238057